000 00691nam a2200229 i 4500
001 49213
003 ES-MaACL
005 20230906161915.0
007 t|
008 030710s1966 sp a ||||1|cspa d
080 _a929:891.69
080 _a013:891.69
100 1 _aCortazar, N. de.
_940828
245 1 0 _aCien autores vascos
_b: (notas) /
_cN. de Cortazar ; ilustraciones del autor.
260 _aSan Sebastián :
_bAuñamendi,
_c1966.
300 _a146 p. :
_bil., grab. ;
_c19 cm.
650 4 _aEscritores vascos-
_xBiobibliografías.
_9144537
650 4 _aVascos-
_xEn la literatura.
_9201509
852 _aES-MaACL
_jC-30536
852 _aES-MaACL
_jC-30445
999 _c49213
_d49213